• 首页
  • 本馆介绍
  • 公告通知
  • 最新文献
  • 馆藏检索
  • 电子资源
  • 读者导购
  • 参考咨询
  • 我的图书馆
  • 登录
  • 详细信息显示
  • 放入我的书架
  • 预约/预借图书
  • 作者相关作品
  • 分类相关作品
  • 丛书相关作品
  • 出版社相关作品

书目信息

  • 表格格式
  • 工作单格式
  • 卡片格式
题名:
娑萨朗
    
 
作者: 雪漠 著
分册: Ⅱ   王子的血腥婚礼
出版信息: 北京   作家出版社有限公司  2024.04
页数: 437页
开本: 21cm
丛书名:
单 册:
中图分类: I227.3
科图分类:
主题词: 叙事诗--诗集--中国--当代
电子资源:
ISBN: 978-7-5212-2532-7
000 00863nam0 2200241 450
001 0100084053
005 20250617163225.19
010    @a978-7-5212-2532-7@dCNY73.25
100    @a20240607d2024 em y0chiy50 ea
101 0  @achi
102    @aCN@b110000
105    @ay z 000gy
106    @ar
200 1  @a娑萨朗@9suo sa lang@hⅡ@i王子的血腥婚礼@b专著@f雪漠著
210    @a北京@c作家出版社有限公司@d2024.04
215    @a437页@d21cm
330    @a本书为第十一至第二十三乐章,主要内容包括:事业的长城;欢喜郎练剑;命运之赌;屈辱;母后的心;灵魂的诉说;追问;老夫子的剧情;密集郎的疯言疯语;传递;智慧主母;三力士;狱卒;梵天和金字塔;遁藏;有为;;为无修等。
333    @a诗歌爱好者
606 0  @a叙事诗@x诗集@y中国@z当代
690    @aI227.3@v5
701  0 @a雪漠@9xue mo@f(1963-)@4著
801  0 @aCN@b人天书店@c20250616
905    @b1624408@dI227.3@e953:2@f1
    
    娑萨朗.Ⅱ.王子的血腥婚礼/雪漠著.-北京:作家出版社有限公司,2024.04
    437页;21cm
    使用对象:诗歌爱好者
    
    ISBN 978-7-5212-2532-7:CNY73.25
    本书为第十一至第二十三乐章,主要内容包括:事业的长城;欢喜郎练剑;命运之赌;屈辱;母后的心;灵魂的诉说;追问;老夫子的剧情;密集郎的疯言疯语;传递;智慧主母;三力士;狱卒;梵天和金字塔;遁藏;有为;;为无修等。
●
相关链接 在E读中查询图书 在五车中查询图书 在当当中查询图书 在豆瓣中查询图书


正题名:娑萨朗     索取号:I227.3/953:2         预约/预借

序号 登录号 条形码 馆藏地/架位号 状态 备注
1 1624408   216244080   第一样本阅览室/ [索取号:I227.3/953:2] 在馆    
唐山师范学院图书馆 欢迎您!
大连网信软件有限公司© 版权所有